000 00505nam a2200193Ia 4500
008 240510s9999 xx 000 0 und d
020 _a0001572313196
041 _aEng
082 _a005.7565
082 _bC14
100 _aCALLAHAN E.:
245 0 _aMICROSOFT ACCESS 97 VISUAL BASIC :( With CD)
260 _bWASHINGTON : MICROSOFT PRESS
260 _c1997
300 _a379 p.
650 _aACCESS : DATABASE SYSTEMS : RELATIONAL DATABASES : MS VISUAL BASIC
942 _2ddc
942 _cRBK
999 _c26555
_d26555
945 _a1
_bMadushi Gamage
_c1
_dMadushi Gamage